World trends and issues in adult education / (Record no. 63873)
[ view plain ]
| 000 -LEADER | |
|---|---|
| fixed length control field | 00954 am a2200289ua 4500 |
| 001 - CONTROL NUMBER | |
| control field | 012029980 |
| 005 - DATE AND TIME OF LATEST TRANSACTION | |
| control field | 20170619150144.0 |
| 008 - FIXED-LENGTH DATA ELEMENTS--GENERAL INFORMATION | |
| fixed length control field | 890714s1989 enk | 000 | eng |
| 015 ## - NATIONAL BIBLIOGRAPHY NUMBER | |
| National bibliography number | GB8867424 |
| Source | bnb |
| 020 ## - INTERNATIONAL STANDARD BOOK NUMBER | |
| International Standard Book Number | 9231025813 (Unesco) |
| 020 ## - INTERNATIONAL STANDARD BOOK NUMBER | |
| International Standard Book Number | 1853020303 (pbk) : |
| Terms of availability | £8.95 |
| 039 0# - LEVEL OF BIBLIOGRAPHIC CONTROL AND CODING DETAIL [OBSOLETE] | |
| Level of rules in bibliographic description | 2047 |
| 040 ## - CATALOGING SOURCE | |
| Original cataloging agency | Uk |
| Transcribing agency | Uk |
| 050 00 - LIBRARY OF CONGRESS CALL NUMBER | |
| Classification number | LC5219 |
| 082 04 - DEWEY DECIMAL CLASSIFICATION NUMBER | |
| Classification number | 374 |
| Edition number | 19 |
| 100 1# - MAIN ENTRY--PERSONAL NAME | |
| Personal name | Bhola, H.S. |
| 245 10 - TITLE STATEMENT | |
| Title | World trends and issues in adult education / |
| Statement of responsibility, etc | H. S. Bhola ; prepared for the International Bureau of Education. |
| 260 ## - PUBLICATION, DISTRIBUTION, ETC. (IMPRINT) | |
| Place of publication, distribution, etc | London : |
| Name of publisher, distributor, etc | Kingsley in association with Unesco, |
| Date of publication, distribution, etc | 1989. |
| 300 ## - PHYSICAL DESCRIPTION | |
| Extent | 177p. ; |
| Dimensions | 22cm. |
| 490 1# - SERIES STATEMENT | |
| Series statement | Educational sciences |
| 650 #0 - SUBJECT ADDED ENTRY--TOPICAL TERM | |
| Topical term or geographic name as entry element | Adult education. |
| 690 7# - LOCAL SUBJECT ADDED ENTRY--TOPICAL TERM (OCLC, RLIN) | |
| Topical term or geographic name as entry element | Social Welfare |
| Source of heading or term | blcoll |
| 710 2# - ADDED ENTRY--CORPORATE NAME | |
| Corporate name or jurisdiction name as entry element | International Bureau of Education. |
| 830 #0 - SERIES ADDED ENTRY--UNIFORM TITLE | |
| Uniform title | Educational sciences |
| 886 2# - FOREIGN MARC INFORMATION FIELD | |
| 2 | ukmarc |
| a | 910 |
| b | 20 |
| a | Unesco |
| c | International Bureau of Education |
| x | See |
| a | International Bureau of Education |
| z | 710 |
| 942 ## - ADDED ENTRY ELEMENTS (KOHA) | |
| Source of classification or shelving scheme | |
| Withdrawn status | Lost status | Source of classification or shelving scheme | Damaged status | Not for loan | Collection code | Home library | Current library | Shelving location | Date acquired | Source of acquisition | Cost, normal purchase price | Total Checkouts | Full call number | Barcode | Date last seen | Price effective from | Koha item type |
|---|---|---|---|---|---|---|---|---|---|---|---|---|---|---|---|---|---|
| Library of Congress Classification | Special Collection | AIU/NEGST - Tony Wilmot Memorial Library | AIU/NEGST - Tony Wilmot Memorial Library | Special Collection | 06/21/2016 | Donation-SIL Sudan Library | 30.00 | S LC 5219.B52 1989 | R35339K3232 | 09/26/2019 | 09/15/2017 | Special Collection |
